লোডিং...

Electron-phonon structures

গ্রন্থ-পঞ্জীর বিবরন
প্রধান লেখক: Chakkis
প্রকাশিত: OUP 2010
LEADER 00170 a2200085 4500
100 |a Chakkis 
245 |a Electron-phonon structures 
260 |c 2010  |b OUP 
942 |c BB  |6 _ 
999 |c 70119  |d 70119